00306nam a2200133 a 450008200160000010000160001624500220003226000330005430000080008750000350009550500100013065000160014070000160015600a297.93bMIL aMiller, W M aBahai Cause Today aNew YorkbMuslim Worldc1940 a26p aincludes index and biblioraphy2 aindex aBahai Faith1 aMiller, W M